[Event "US Open-90"]
[Site "Chicago"]
[Date "1989.??.??"]
[Round "7"]
[White "Harris, William Jr"]
[Black "Magbanua, Reylan"]
[Result "0-1"]
[WhiteElo "2205"]
[BlackElo "2260"]
[PlyCount "60"]
[EventDate "1989.08.05"]
[EventType "swiss"]
[EventRounds "12"]
[EventCountry "USA"]
[SourceTitle "EXT 1997"]
[Source "ChessBase"]
[SourceDate "1996.11.15"]
[SourceVersion "1"]
[SourceVersionDate "1996.11.15"]
[SourceQuality "1"]

1. e4 e6 2. d4 d5 3. Nc3 Nf6 4. Bg5 Be7 5. e5 Nfd7 6. Bxe7 Qxe7 7. f4 a6 8. Nf3 c5 9. g3 Nc6 10. Bg2 cxd4 11. Nxd4 Qc5 12. Nb3 Qe3+ 13. Qe2 Qxe2+ 14. Kxe2 b5 15. a3 Bb7 16. Rhd1 Rc8 17. Nd4 Nb6 18. Nxc6 Rxc6 19. Rd4 Ke7 20. Kd3 Rhc8 21. Rc1 a5 22. Nd1 Na4 23. b3 Nc5+ 24. Kc3 a4 25. bxa4 bxa4 26. Kb2 Nb3 27. Rb4 Nxc1 28. Rxb7+ Kf8 29. c4 Rxc4 30. Ne3 Rc3 0-1

[Event "World op 17th"]
[Site "Philadelphia"]
[Date "1989.??.??"]
[Round "8"]
[White "Magbanua, Reylan"]
[Black "Gruenfeld, Yehuda"]
[Result "0-1"]
[WhiteElo "2260"]
[BlackElo "2535"]
[PlyCount "44"]
[EventDate "1989.06.??"]
[EventType "swiss"]
[EventRounds "10"]
[EventCountry "USA"]
[SourceTitle "EXT 1997"]
[Source "ChessBase"]
[SourceDate "1996.11.15"]
[SourceVersion "1"]
[SourceVersionDate "1996.11.15"]
[SourceQuality "1"]

1. e4 c5 2. Nf3 d6 3. c3 Nf6 4. Bd3 Nc6 5. Bc2 Ne5 6. h3 g6 7. 0-0 Bg7 8. d4 Nxf3+ 9. Qxf3 Nd7 10. dxc5 Nxc5 11. Nd2 0-0 12. Nb3 b6 13. Bf4 Bb7 14. Qe3 Qc7 15. Rae1 Ba6 16. Kh1 Bxf1 17. Rxf1 a5 18. Nd2 a4 19. a3 Ne6 20. Bg3 b5 21. Nb1 Qc5 22. Qe2 Qg5 0-1

[Event "Software Toolworks op"]
[Site "Long Beach"]
[Date "1988.??.??"]
[Round "?"]
[White "Brooks, Michael A"]
[Black "Magbanua, Reylan"]
[Result "1-0"]
[WhiteElo "2345"]
[BlackElo "2245"]
[PlyCount "53"]
[EventDate "1988.11.??"]
[EventType "swiss"]
[EventRounds "9"]
[EventCountry "USA"]
[SourceTitle "EXT 2004"]
[Source "ChessBase"]
[SourceDate "2003.11.25"]
[SourceVersion "1"]
[SourceVersionDate "2003.11.25"]
[SourceQuality "1"]

1. e4 e6 2. d4 d5 3. Nc3 Nf6 4. e5 Nfd7 5. f4 c5 6. dxc5 Bxc5 7. Qg4 g6 8. Nf3 Nc6 9. Bd2 a6 10. Bd3 b5 11. h4 h5 12. Qg3 Nb6 13. Ng5 Nb4 14. a3 Nxd3+ 15. cxd3 Bb7 16. Rc1 Rc8 17. Ne2 Na8 18. f5 gxf5 19. Nf4 Qd7 20. Nh7 Rxh7 21. Qg8+ Bf8 22. Bb4 Rxc1+ 23. Kd2 Rc2+ 24. Kxc2 Qc8+ 25. Kb1 Kd7 26. Bxf8 d4 27. Ng6 1-0